Journal (Record no. 118530)

MARC details
000 -LEADER
fixed length control field 00654cas a22002055a 4500
001 - CONTROL NUMBER
control field L170
008 - FIXED-LENGTH DATA ELEMENTS--GENERAL INFORMATION
fixed length control field 070626c1937 sa qr p 0 a0eng
022 1# - INTERNATIONAL STANDARD SERIAL NUMBER
International Standard Serial Number 0020-2983
035 ## - SYSTEM CONTROL NUMBER
System control number (Sirsi) u98808
041 0# - LANGUAGE CODE
Language code of text/sound track or separate title eng
110 2# - MAIN ENTRY--CORPORATE NAME
Corporate name or jurisdiction name as entry element Institute of Mine Surveyors of South Africa
9 (RLIN) 5242
245 00 - TITLE STATEMENT
Title Journal
Remainder of title Institute of Mine Surveyors of South Africa
260 ## - PUBLICATION, DISTRIBUTION, ETC.
Place of publication, distribution, etc. Marshalltown
Name of publisher, distributor, etc. Institute of Mine Surveyors of South Africa
Date of publication, distribution, etc. [19-?]-
362 ## - DATES OF PUBLICATION AND/OR SEQUENTIAL DESIGNATION
Dates of publication and/or sequential designation 8(1) March 1954-28(6) December 1996
554 ## -
-- Four per year
651 #4 - SUBJECT ADDED ENTRY--GEOGRAPHIC NAME
Geographic name South Africa
690 ## - LOCAL SUBJECT ADDED ENTRY--TOPICAL TERM (OCLC, RLIN)
Topical term or geographic name as entry element ENVIRONMENTAL AND LAND CONSULTANCY-GEOMATICS-LAND SURVEYING
942 ## - ADDED ENTRY ELEMENTS (KOHA)
Suppress in OPAC 0
948 ## - LOCAL PROCESSING INFORMATION (OCLC); SERIES PART DESIGNATOR (RLIN)
c (OCLC) 11/05/1994
Holdings
Withdrawn status Lost status Source of classification or shelving scheme Damaged status Not for loan Home library Current library Shelving location Date acquired Total Checkouts Full call number Barcode Date last seen Price effective from Koha item type
    Dewey Decimal Classification     London London Basement 21/09/2005   INSTITUTE OF MINE SURVEYORS OF S AFRICA 98808-2001 06/08/2019 06/08/2019 Journal